| Поле | Инд. | ПП | Название | Значение |
|---|---|---|---|---|
| Тип записи | a | |||
| Библиографический уровень | m | |||
| 001 | Контрольный номер | RU/LIBMSTU/409916567 | ||
| 005 | Дата корректировки | 20181222113242.6 | ||
| 008 | Кодируемые данные | 121227|||||||||ru |||||||||||000|||rus|| | ||
| 020 | a | ISBN | 978-5-904757-45-8 | |
| 040 | b | Код языка каталог. | rus | |
| 041 | 0_ | a | Код языка текста | rus |
| 084 | a | Индекс другой классификации/Индекс ББК | 36.86 | |
| 090 | a | Полочн. индекс | 36.86 | |
| x | Авторский знак | С 19 | ||
| 100 | 1_ | a | Автор | Сапронов А. Р. |
| 245 | 10 | a | Заглавие | Технология сахара |
| b | Продолж. заглавия | учеб. для вузов | ||
| 260 | a | Место издания | Санкт-Петербург | |
| b | Издательство | Профессия | ||
| c | Дата издания | 2013 | ||
| 300 | a | Объем | 294, [1] с. | |
| b | Иллюстрации/ тип воспроизводства | ил. | ||
| 504 | a | Библиография | Библиогр.: с. 293-294 | |
| 650 | 04 | a | Основная рубрика | Сахарное производство |
| 653 | 0_ | a | Ключевые слова | Получение сахара; Сахар; Сахарная промышленность; Сахарное производство; Технология получения сахара |
| 700 | 1_ | a | Другие авторы | Сапронова Л. А. |
| 700 | 1_ | a | Другие авторы | Ермолаев С. В. |
| 901 | t | Тип документа | m | |
| 952 | b | Гриф литературы для ВШ | Рекомендовано УМО по образованию в области технологии продуктов питания и пищевой инженерии | |
| c | Вид литературы | учебник |